Special educational needs and inclusive education : Major themes in education
Guardat en:
| Format: | Llibre |
|---|---|
| Idioma: | Undetermined |
| Publicat: |
London, England
RoutlegeFalmer
2004
|
| Matèries: | |
| Etiquetes: |
Afegir etiqueta
Sense etiquetes, Sigues el primer a etiquetar aquest registre!
|
| Thư viện lưu trữ: | Trung tâm Học liệu Trường Đại học Cần Thơ |
|---|
| LEADER | 00600nam a2200193Ia 4500 | ||
|---|---|---|---|
| 001 | CTU_117729 | ||
| 008 | 210402s9999 xx 000 0 und d | ||
| 082 | |a 371.9046 | ||
| 082 | |b S741/Vol.1 | ||
| 245 | 0 | |a Special educational needs and inclusive education : | |
| 245 | 0 | |b Major themes in education | |
| 245 | 0 | |c Edited by David Mitchell | |
| 260 | |a London, England | ||
| 260 | |b RoutlegeFalmer | ||
| 260 | |c 2004 | ||
| 650 | |a Students with disabilities,Special education,Intensive education | ||
| 650 | |x Education | ||
| 904 | |i Minh | ||
| 980 | |a Trung tâm Học liệu Trường Đại học Cần Thơ | ||